XXV Jornadas Latinoamericanas de Derecho Tributario : (Registro nro. 7582)

Detalles MARC
000 -LEADER
fixed length control field 01042nam a2200265Ia 4500
003 - CONTROL NUMBER IDENTIFIER
control field OSt
005 - DATE AND TIME OF LATEST TRANSACTION
control field 20210416102627.0
008 - FIXED-LENGTH DATA ELEMENTS--GENERAL INFORMATION
fixed length control field 210310s2010 ag gr 100 0 spa d
020 ## - INTERNATIONAL STANDARD BOOK NUMBER
International Standard Book Number 9789502020402
Qualifying information V.1
020 ## - INTERNATIONAL STANDARD BOOK NUMBER
International Standard Book Number 9789502020419
Qualifying information V.2
020 ## - INTERNATIONAL STANDARD BOOK NUMBER
International Standard Book Number 9789502021751
Qualifying information V.3
040 ## - CATALOGING SOURCE
Original cataloging agency CO-JMCR
Transcribing agency CO-JMCR
041 0# - LANGUAGE CODE
Language code of text/sound track or separate title spa
082 04 - DEWEY DECIMAL CLASSIFICATION NUMBER
Classification number 343.04 /
Item number J828j
Edition number 23
111 2# - MAIN ENTRY--MEETING NAME
Meeting name or jurisdiction name as entry element Jornadas Latinoamericanas de Derecho Tributario
Number of part/section/meeting (25a :
Date of meeting or treaty signing 2010 :
Location of meeting Cartagena)
9 (RLIN) 36887
245 10 - TITLE STATEMENT
Title XXV Jornadas Latinoamericanas de Derecho Tributario :
Remainder of title memorias
260 ## - PUBLICATION, DISTRIBUTION, ETC.
Place of publication, distribution, etc. Buenos Aires :
Name of publisher, distributor, etc. ICDT : ILADT : AbeledoPerrot,
Date of publication, distribution, etc. 2010
300 ## - PHYSICAL DESCRIPTION
Other physical details 3 volúmenes ;
Dimensions 24 cm.
500 ## - GENERAL NOTE
General note Incluye notas a pie de página.
505 0# - FORMATTED CONTENTS NOTE
Miscellaneous information V.1.
Title Fusiones y adquisiciones. Aspectos internacionales
Miscellaneous information V.2.
Statement of responsibility Responsabilidad del estado por actos de contenido tributario
Miscellaneous information V.3.
650 14 - SUBJECT ADDED ENTRY--TOPICAL TERM
Topical term or geographic name entry element Derecho tributario
9 (RLIN) 14851
650 24 - SUBJECT ADDED ENTRY--TOPICAL TERM
Topical term or geographic name entry element Crisis económica
Form subdivision Ensayos, conferencias, etc.
9 (RLIN) 36888
650 24 - SUBJECT ADDED ENTRY--TOPICAL TERM
Topical term or geographic name entry element Política económica
Form subdivision Ensayos, conferencias, etc.
9 (RLIN) 36889
942 ## - ADDED ENTRY ELEMENTS (KOHA)
Source of classification or shelving scheme Dewey Decimal Classification
Koha item type Books
Existencias
Withdrawn status Lost status Source of classification or shelving scheme Damaged status Not for loan Home library Current library Date acquired Full call number Barcode Date last seen Copy number Koha item type Total Checkouts Price effective from
    Dewey Decimal Classification     Biblioteca Pública José María del Castillo y Rada Biblioteca Pública José María del Castillo y Rada 03/10/2021 343.04 / J828j 430004562 05/16/2024 V.1 / Ej.1 Books    
    Dewey Decimal Classification     Biblioteca Pública José María del Castillo y Rada Biblioteca Pública José María del Castillo y Rada 03/10/2021 343.04 / J828j 430004563 04/10/2024 V.2 / Ej.1 Books   04/16/2021
    Dewey Decimal Classification     Biblioteca Pública José María del Castillo y Rada Biblioteca Pública José María del Castillo y Rada 03/10/2021 343.04 / J828j 430004564 04/10/2024 V.3 / Ej.1 Books   04/16/2021
    Dewey Decimal Classification     Biblioteca Pública José María del Castillo y Rada Biblioteca Pública José María del Castillo y Rada 03/10/2021 343.04 / J828j 430004565 04/10/2024 V.3 / Ej.2 Books   04/16/2021